[Event "Abe Yanofsky op"]
[Site "Winnipeg CAN"]
[Date "2009.09.06"]
[Round "4"]
[White "Boron, Anthony"]
[Black "Atem, James"]
[Result "1-0"]
[WhiteElo "1996"]
[BlackElo "1826"]
[PlyCount "91"]
[GameId "2160767910093004"]
[EventDate "2009.09.04"]
[EventType "swiss"]
[EventRounds "5"]
[EventCountry "CAN"]
[SourceTitle "EXT 2011"]
[Source "ChessBase"]
[SourceDate "2011.11.26"]
[SourceVersion "1"]
[SourceVersionDate "2011.11.26"]
[SourceQuality "1"]

1. d4 e6 2. c4 d5 3. Nc3 dxc4 4. e4 Nc6 5. Nf3 Bb4 6. Bxc4 Nge7 7. O-O O-O 8. Bg5 Bxc3 9. bxc3 f6 10. Be3 a6 11. Qe2 b5 12. Bd3 Bb7 13. Rfd1 Qc8 14. Nh4 e5 15. d5 Nd8 16. c4 g5 17. Bc5 gxh4 18. Bxe7 Rf7 19. Bxd8 Qxd8 20. cxb5 axb5 21. Qg4+ Rg7 22. Qxh4 Bc8 23. Be2 Ra3 24. Rd3 Rxd3 25. Bxd3 Rg5 26. Rd1 Kg7 27. Be2 f5 28. g3 f4 29. d6 fxg3 30. hxg3 h6 31. Bxb5 cxd6 32. Bc4 Bg4 33. Rb1 Qc7 34. Bd5 Bc8 35. Kg2 Qc2 36. Qh1 Qe2 37. Qd1 Qxd1 38. Rxd1 Kf8 39. a4 Ke7 40. Rc1 Kd8 41. a5 Rg7 42. Rc6 Kd7 43. a6 h5 44. a7 Bb7 45. Rb6 Bxd5 46. exd5 1-0

[Event "Abe Yanofsky op"]
[Site "Winnipeg CAN"]
[Date "2009.09.06"]
[Round "4"]
[White "Goodman, Clifford"]
[Black "Czypinski, Jaroslaw"]
[Result "0-1"]
[WhiteElo "1671"]
[BlackElo "1880"]
[PlyCount "153"]
[GameId "2160767910093005"]
[EventDate "2009.09.04"]
[EventType "swiss"]
[EventRounds "5"]
[EventCountry "CAN"]
[SourceTitle "EXT 2011"]
[Source "ChessBase"]
[SourceDate "2011.11.26"]
[SourceVersion "1"]
[SourceVersionDate "2011.11.26"]
[SourceQuality "1"]

1. d4 Nf6 2. c4 e6 3. Nf3 d5 4. Nc3 Bb4 5. Qc2 O-O 6. a3 Bxc3+ 7. bxc3 b6 8. cxd5 exd5 9. g3 Ba6 10. Bg2 Re8 11. Ne5 Nfd7 12. Bxd5 Nxe5 13. Bxa8 Nd3+ 14. Kf1 Nxc1 15. Qxc1 Bxe2+ 16. Kg2 c6 17. Re1 Re6 18. h4 Qd5+ 19. Kh2 Nd7 20. Qg5 Qf3 21. Qf4 Qxc3 22. Rac1 Qa5 23. Bxc6 Rxc6 24. Rxc6 Qxe1 25. Qb8+ Nf8 26. Qf4 Qd1 27. Qe3 Bf3 28. Rc1 Qe2 29. Qxe2 Bxe2 30. Rc7 a5 31. d5 Bg4 32. Rb7 Bd7 33. Rxb6 f5 34. Kg2 Kf7 35. Kf3 Ng6 36. Ke3 f4+ 37. Kd4 fxg3 38. fxg3 a4 39. Ra6 Ke7 40. Kc5 Ne5 41. d6+ Ke6 42. Kd4 Nf3+ 43. Ke3 Ne1 44. Kd2 Nf3+ 45. Ke3 Ne1 46. Kd2 Nd3 47. Ra7 Nc5 48. Ke3 Kxd6 49. Kd4 Ne6+ 50. Kc4 Nc7 51. Ra5 h6 52. Kb4 Nd5+ 53. Kc4 Ne3+ 54. Kd4 Nf5+ 55. Ke4 Nxg3+ 56. Kf4 Ne2+ 57. Kf3 Nd4+ 58. Ke4 Nc2 59. Rd5+ Ke6 60. Rd3 Bc6+ 61. Kf4 Bd5 62. Rc3 Bb3 63. Rg3 Kf7 64. Ke5 Nxa3 65. h5 Nc4+ 66. Kd4 Nd6 67. Kc3 Nf5 68. Rg1 Kf6 69. Rg6+ Ke5 70. Rb6 Kf4 71. Rg6 Bd1 72. Ra6 Kg5 73. Rg6+ Kxh5 74. Rg1 Bb3 75. Kb2 g5 76. Ka3 g4 77. Kb2 0-1

[Event "Abe Yanofsky op"]
[Site "Winnipeg CAN"]
[Date "2009.09.06"]
[Round "4"]
[White "Green, Jim"]
[Black "Villar, Alfonso"]
[Result "1-0"]
[WhiteElo "1774"]
[BlackElo "1622"]
[PlyCount "35"]
[GameId "2160767910093006"]
[EventDate "2009.09.04"]
[EventType "swiss"]
[EventRounds "5"]
[EventCountry "CAN"]
[SourceTitle "EXT 2011"]
[Source "ChessBase"]
[SourceDate "2011.11.26"]
[SourceVersion "1"]
[SourceVersionDate "2011.11.26"]
[SourceQuality "1"]

1. e4 c5 2. Nf3 d6 3. Bb5+ Bd7 4. Bxd7+ Nxd7 5. O-O g6 6. c3 Bg7 7. d4 cxd4 8. cxd4 Qb6 9. Nc3 Ngf6 10. Qe2 e5 11. dxe5 Nxe5 12. Nxe5 dxe5 13. Bg5 O-O 14. Bxf6 Bxf6 15. Nd5 Qd6 16. Rac1 Rfc8 17. Rfd1 Rc5 18. Rxc5 1-0

[Event "Abe Yanofsky op"]
[Site "Winnipeg CAN"]
[Date "2009.09.06"]
[Round "4"]
[White "Kaptsan, Aron"]
[Black "Rutter, Blair"]
[Result "1/2-1/2"]
[WhiteElo "2052"]
[BlackElo "1855"]
[PlyCount "52"]
[GameId "2160767910093007"]
[EventDate "2009.09.04"]
[EventType "swiss"]
[EventRounds "5"]
[EventCountry "CAN"]
[SourceTitle "EXT 2011"]
[Source "ChessBase"]
[SourceDate "2011.11.26"]
[SourceVersion "1"]
[SourceVersionDate "2011.11.26"]
[SourceQuality "1"]

1. d4 d6 2. c4 Nd7 3. Nc3 e5 4. Nf3 exd4 5. Qxd4 Ngf6 6. Bg5 Be7 7. e3 O-O 8. Be2 Nc5 9. O-O Bf5 10. Rfd1 h6 11. Bh4 g5 12. Bg3 Nh5 13. Nd5 Nxg3 14. hxg3 Ne6 15. Nxe7+ Qxe7 16. Qd5 Bg6 17. Rac1 Qf6 18. b3 Nc5 19. Qd4 Qe7 20. Nh2 f5 21. Bf3 Rae8 22. b4 Ne4 23. Bxe4 Qxe4 24. Nf3 a6 25. a3 Bf7 26. Qxe4 Rxe4 1/2-1/2

[Event "Abe Yanofsky op"]
[Site "Winnipeg CAN"]
[Date "2009.09.06"]
[Round "4"]
[White "Klokow, John"]
[Black "Cleto, Sam"]
[Result "0-1"]
[WhiteElo "1740"]
[BlackElo "1875"]
[PlyCount "86"]
[GameId "2160767910093008"]
[EventDate "2009.09.04"]
[EventType "swiss"]
[EventRounds "5"]
[EventCountry "CAN"]
[SourceTitle "EXT 2011"]
[Source "ChessBase"]
[SourceDate "2011.11.26"]
[SourceVersion "1"]
[SourceVersionDate "2011.11.26"]
[SourceQuality "1"]

1. e4 c5 2. Ne2 e5 3. g3 Nc6 4. Bg2 Nf6 5. c3 Be7 6. O-O O-O 7. d4 cxd4 8. cxd4 exd4 9. Nxd4 d6 10. Nc3 Bg4 11. Bf3 Bh3 12. Bg2 Bg4 13. Bf3 Bd7 14. Ndb5 Ne5 15. Bg2 Bg4 16. f3 Bd7 17. Kh1 Qb6 18. Qe2 a6 19. Be3 Bxb5 20. Bxb6 Bxe2 21. Nxe2 Rac8 22. Rac1 Nfd7 23. Bd4 Nd3 24. Rxc8 Rxc8 25. Rd1 Rc2 26. Rxd3 Rxe2 27. Kg1 Nc5 28. Bxc5 dxc5 29. Rd7 Kf8 30. Rxb7 Bf6 31. Kf1 Rc2 32. Rb8+ Ke7 33. Rb7+ Kd8 34. h4 Bxb2 35. Rxf7 Bd4 36. Bh3 Rxa2 37. f4 a5 38. e5 a4 39. Rxg7 a3 40. Be6 Rf2+ 41. Ke1 a2 42. Ra7 c4 43. Bxc4 Bxa7 0-1

[Event "Abe Yanofsky op"]
[Site "Winnipeg CAN"]
[Date "2009.09.06"]
[Round "4"]
[White "Lipic, Stephen"]
[Black "Einarsson, Ken"]
[Result "1-0"]
[WhiteElo "1718"]
[BlackElo "1800"]
[PlyCount "51"]
[GameId "2160767910093009"]
[EventDate "2009.09.04"]
[EventType "swiss"]
[EventRounds "5"]
[EventCountry "CAN"]
[SourceTitle "EXT 2011"]
[Source "ChessBase"]
[SourceDate "2011.11.26"]
[SourceVersion "1"]
[SourceVersionDate "2011.11.26"]
[SourceQuality "1"]

1. f4 d5 2. Nf3 c5 3. e3 Nf6 4. d4 cxd4 5. exd4 Bg4 6. c3 e6 7. Bd3 Ne4 8. O-O Be7 9. Qe1 f5 10. Bb5+ Nd7 11. Ne5 Bh5 12. Bxd7+ Kf8 13. Bxe6 g6 14. g4 Bh4 15. Qe2 fxg4 16. Bxg4 Bxg4 17. Qxg4 Qe7 18. Nd2 Nd6 19. Ndf3 Bf6 20. Bd2 Nf5 21. Rae1 Qg7 22. Ng5 Re8 23. Nd3 Bxd4+ 24. Kh1 Ne3 25. Bxe3 Bxe3 26. Ne6+ 1-0

[Event "Abe Yanofsky op"]
[Site "Winnipeg CAN"]
[Date "2009.09.06"]
[Round "4"]
[White "Oberton, Daniel"]
[Black "Nikouline, Alexandre"]
[Result "0-1"]
[WhiteElo "2020"]
[BlackElo "2144"]
[PlyCount "58"]
[GameId "2160767910093010"]
[EventDate "2009.09.04"]
[EventType "swiss"]
[EventRounds "5"]
[EventCountry "CAN"]
[SourceTitle "EXT 2011"]
[Source "ChessBase"]
[SourceDate "2011.11.26"]
[SourceVersion "1"]
[SourceVersionDate "2011.11.26"]
[SourceQuality "1"]

1. e4 c5 2. Nf3 e6 3. d4 cxd4 4. Nxd4 Nc6 5. Be2 Nf6 6. Nxc6 bxc6 7. Nc3 Bb4 8. Bg5 h6 9. Bd2 d5 10. exd5 exd5 11. a3 Bd6 12. Be3 O-O 13. O-O Qc7 14. h3 Rb8 15. b4 a5 16. Na4 Rd8 17. c3 Ne4 18. Qc2 f5 19. Rfd1 Rf8 20. Rab1 f4 21. Bd4 f3 22. Bxf3 Bf5 23. Qe2 Ng5 24. Bg4 Rbe8 25. Bb6 Qb8 26. Qa6 Bxb1 27. Rxb1 axb4 28. Bd7 Ne4 29. Bxe8 Qxe8 0-1

[Event "Abe Yanofsky op"]
[Site "Winnipeg CAN"]
[Date "2009.09.06"]
[Round "4"]
[White "Raihman, Igal"]
[Black "Khedkar, Jay S"]
[Result "1-0"]
[WhiteElo "1893"]
[BlackElo "2034"]
[PlyCount "49"]
[GameId "2160767910093011"]
[EventDate "2009.09.04"]
[EventType "swiss"]
[EventRounds "5"]
[EventCountry "CAN"]
[SourceTitle "EXT 2011"]
[Source "ChessBase"]
[SourceDate "2011.11.26"]
[SourceVersion "1"]
[SourceVersionDate "2011.11.26"]
[SourceQuality "1"]

1. e4 c5 2. Nf3 d6 3. d4 cxd4 4. Nxd4 Nf6 5. Nc3 a6 6. a4 e6 7. Be3 b6 8. f3 Bb7 9. Qd2 Qc7 10. O-O-O Nbd7 11. Qf2 Nc5 12. g4 Nfd7 13. Rg1 Ne5 14. f4 Nc6 15. Nxc6 Bxc6 16. Bxc5 dxc5 17. Bc4 Qb7 18. f5 e5 19. f6 g6 20. Qg3 Qc7 21. Nd5 Bxd5 22. Rxd5 Bd6 23. Rgd1 O-O-O 24. Bxa6+ Kb8 25. Qd3 1-0

[Event "Abe Yanofsky op"]
[Site "Winnipeg CAN"]
[Date "2009.09.06"]
[Round "4"]
[White "Swift, Ryne"]
[Black "Lipnowski, Samuel"]
[Result "0-1"]
[WhiteElo "1802"]
[BlackElo "2285"]
[PlyCount "112"]
[GameId "2160767910093012"]
[EventDate "2009.09.04"]
[EventType "swiss"]
[EventRounds "5"]
[EventCountry "CAN"]
[SourceTitle "EXT 2011"]
[Source "ChessBase"]
[SourceDate "2011.11.26"]
[SourceVersion "1"]
[SourceVersionDate "2011.11.26"]
[SourceQuality "1"]

1. e4 c5 2. Nf3 d6 3. d4 cxd4 4. Nxd4 Nf6 5. Nc3 a6 6. f3 e6 7. Be3 b5 8. Qd2 Nbd7 9. a3 Bb7 10. Be2 Rc8 11. O-O Be7 12. Rae1 O-O 13. h3 d5 14. exd5 Nxd5 15. Nxd5 Bxd5 16. f4 Nc5 17. Bf3 Ne4 18. Bxe4 Bxe4 19. Rc1 Qc7 20. g3 Ba8 21. Kh2 Qb7 22. Rg1 Rfd8 23. Qf2 Rd5 24. g4 h5 25. Qg2 Qb8 26. Qf2 Bd6 27. Ne2 hxg4 28. Rxg4 g6 29. Ng3 Rc4 30. b3 Rc8 31. Ne4 Be7 32. Rg3 Rh5 33. Ng5 Rxg5 34. fxg5 Bd6 35. Bd4 Bf4 36. Be3 Bxg3+ 37. Qxg3 Qxg3+ 38. Kxg3 Rc3 39. Kf4 e5+ 40. Kxe5 Rxe3+ 41. Kf4 Rxh3 42. c4 Rf3+ 43. Ke5 Rxb3 44. c5 Rxa3 45. Kd6 b4 46. c6 Bxc6 47. Rxc6 b3 48. Rc1 b2 49. Rb1 Ra2 50. Kc5 a5 51. Kc4 a4 52. Kc3 a3 53. Kc2 Ra1 54. Rxb2 axb2 55. Kxb2 Ra5 56. Kc3 Rxg5 0-1

[Event "Abe Yanofsky op"]
[Site "Winnipeg CAN"]
[Date "2009.09.06"]
[Round "4"]
[White "Vincent, Trevor"]
[Black "Araullo, Paolo"]
[Result "1-0"]
[WhiteElo "2286"]
[BlackElo "2081"]
[PlyCount "71"]
[GameId "2160767910093013"]
[EventDate "2009.09.04"]
[EventType "swiss"]
[EventRounds "5"]
[EventCountry "CAN"]
[SourceTitle "EXT 2011"]
[Source "ChessBase"]
[SourceDate "2011.11.26"]
[SourceVersion "1"]
[SourceVersionDate "2011.11.26"]
[SourceQuality "1"]

1. c4 Nf6 2. g3 g6 3. Bg2 Bg7 4. Nc3 O-O 5. e4 d6 6. Nge2 c5 7. O-O Nc6 8. d3 a6 9. h3 Rb8 10. a4 Nd4 11. Rb1 b5 12. axb5 Nxe2+ 13. Qxe2 axb5 14. cxb5 Bd7 15. b4 Qc8 16. bxc5 Qxc5 17. Bd2 Bxb5 18. Nxb5 Nd7 19. Be3 Qc6 20. Rfc1 Qa6 21. d4 e6 22. Bf1 Nf6 23. Ra1 Qb7 24. Nxd6 Qd7 25. e5 Nd5 26. Bg2 Rb6 27. Rc5 Rfb8 28. Rac1 Bf8 29. Bxd5 exd5 30. Qg4 Qa4 31. Qf3 Bxd6 32. exd6 Rd8 33. Bg5 Rdxd6 34. Rc8+ Kg7 35. Be7 Re6 36. Qf6+ 1-0

[Event "Abe Yanofsky op"]
[Site "Winnipeg CAN"]
[Date "2009.09.06"]
[Round "5"]
[White "Gentes, Kevin"]
[Black "Vincent, Trevor"]
[Result "1/2-1/2"]
[WhiteElo "2250"]
[BlackElo "2286"]
[PlyCount "72"]
[GameId "2160767910093015"]
[EventDate "2009.09.04"]
[EventType "swiss"]
[EventRounds "5"]
[EventCountry "CAN"]
[SourceTitle "EXT 2011"]
[Source "ChessBase"]
[SourceDate "2011.11.26"]
[SourceVersion "1"]
[SourceVersionDate "2011.11.26"]
[SourceQuality "1"]

1. Nf3 c5 2. g3 g6 3. Bg2 Bg7 4. c4 Nc6 5. Nc3 e5 6. a3 Nge7 7. d3 O-O 8. O-O d6 9. Rb1 a5 10. e3 f5 11. Nd2 Be6 12. Nd5 Rb8 13. b3 b5 14. Bb2 Qd7 15. f4 Kh8 16. Nxe7 Nxe7 17. cxb5 Rxb5 18. a4 Rb6 19. Qc2 Rfb8 20. Bc3 Qa7 21. Nc4 Bxc4 22. bxc4 Nc8 23. Rb5 exf4 24. exf4 Rxb5 25. axb5 Nb6 26. Bc6 a4 27. Re1 Rf8 28. Qb2 Qf7 29. Be8 Rxe8 30. Bxg7+ Kg8 31. Rxe8+ Qxe8 32. Bh6 Qe7 33. Kf2 d5 34. cxd5 Nxd5 35. Qa2 Qe3+ 36. Kg2 Qe6 1/2-1/2

[Event "Abe Yanofsky op"]
[Site "Winnipeg CAN"]
[Date "2009.09.06"]
[Round "5"]
[White "Green, Jim"]
[Black "Thompson, Brian"]
[Result "0-1"]
[WhiteElo "1774"]
[BlackElo "1887"]
[PlyCount "50"]
[GameId "2160767910093016"]
[EventDate "2009.09.04"]
[EventType "swiss"]
[EventRounds "5"]
[EventCountry "CAN"]
[SourceTitle "EXT 2011"]
[Source "ChessBase"]
[SourceDate "2011.11.26"]
[SourceVersion "1"]
[SourceVersionDate "2011.11.26"]
[SourceQuality "1"]

1. e4 e6 2. d3 d5 3. Nd2 c5 4. Ngf3 Nc6 5. g3 Nf6 6. Bg2 Be7 7. c3 b6 8. Qe2 Bb7 9. O-O O-O 10. h4 dxe4 11. dxe4 Qc7 12. Nh2 a5 13. Ng4 Ba6 14. Nxf6+ Bxf6 15. Qe1 Bxf1 16. Qxf1 Rad8 17. Nf3 Ne5 18. Nxe5 Bxe5 19. f4 Bf6 20. e5 Be7 21. c4 Qd7 22. Be3 Qd3 23. Qc1 Qe2 24. b3 Rd7 25. Bc6 Rd3 0-1

[Event "Abe Yanofsky op"]
[Site "Winnipeg CAN"]
[Date "2009.09.06"]
[Round "5"]
[White "Khedkar, Jay S"]
[Black "Boron, Anthony"]
[Result "0-1"]
[WhiteElo "2034"]
[BlackElo "1996"]
[PlyCount "40"]
[GameId "2160767910093017"]
[EventDate "2009.09.04"]
[EventType "swiss"]
[EventRounds "5"]
[EventCountry "CAN"]
[SourceTitle "EXT 2011"]
[Source "ChessBase"]
[SourceDate "2011.11.26"]
[SourceVersion "1"]
[SourceVersionDate "2011.11.26"]
[SourceQuality "1"]

1. e4 c5 2. Nf3 a6 3. d4 cxd4 4. Nxd4 Nf6 5. Nc3 e5 6. Nb3 Bb4 7. Bd3 d5 8. exd5 Nxd5 9. Bd2 Nc6 10. O-O O-O 11. Qe1 Nxc3 12. bxc3 Bd6 13. f4 exf4 14. Bxf4 Bxf4 15. Rxf4 Qg5 16. Rxf7 Kxf7 17. Bc4+ Kg6 18. h4 Qf4 19. Bd3+ Bf5 20. g3 Qe5 0-1

[Event "Abe Yanofsky op"]
[Site "Winnipeg CAN"]
[Date "2009.09.06"]
[Round "5"]
[White "Lipnowski, Samuel"]
[Black "Raihman, Igal"]
[Result "1-0"]
[WhiteElo "2285"]
[BlackElo "1893"]
[PlyCount "71"]
[GameId "2160767910093018"]
[EventDate "2009.09.04"]
[EventType "swiss"]
[EventRounds "5"]
[EventCountry "CAN"]
[SourceTitle "EXT 2011"]
[Source "ChessBase"]
[SourceDate "2011.11.26"]
[SourceVersion "1"]
[SourceVersionDate "2011.11.26"]
[SourceQuality "1"]

1. e4 c5 2. Nf3 d6 3. d4 cxd4 4. Nxd4 Nf6 5. Nc3 a6 6. Be2 e6 7. a4 Nc6 8. O-O Bd7 9. Be3 Be7 10. f4 O-O 11. Kh1 Qc7 12. Bf3 Rfd8 13. g4 Ne8 14. g5 Bf8 15. Bg2 g6 16. Qe1 Bg7 17. Nde2 Ne7 18. Qh4 Bc6 19. Rf3 b5 20. Rh3 Qb7 21. Qxh7+ Kf8 22. Nd4 b4 23. Nxc6 Qxc6 24. Ne2 Qxc2 25. Ng3 Qxb2 26. Rf1 Qc3 27. Bg1 Qd2 28. f5 Qxg5 29. fxe6 Nf6 30. Bd4 Nxh7 31. Rxf7+ Ke8 32. Bxg7 Ng8 33. Rxh7 Qe7 34. Rxe7+ Nxe7 35. Rh8+ Ng8 36. Bf6 1-0

[Event "Abe Yanofsky op"]
[Site "Winnipeg CAN"]
[Date "2009.09.06"]
[Round "5"]
[White "Nikouline, Alexandre"]
[Black "Bince, Rolando"]
[Result "0-1"]
[WhiteElo "2144"]
[BlackElo "2058"]
[PlyCount "116"]
[GameId "2160767910093019"]
[EventDate "2009.09.04"]
[EventType "swiss"]
[EventRounds "5"]
[EventCountry "CAN"]
[SourceTitle "EXT 2011"]
[Source "ChessBase"]
[SourceDate "2011.11.26"]
[SourceVersion "1"]
[SourceVersionDate "2011.11.26"]
[SourceQuality "1"]

1. e4 c6 2. d4 d5 3. e5 Bf5 4. Nf3 e6 5. Be2 c5 6. O-O Nc6 7. Re1 cxd4 8. Nxd4 Nxd4 9. Qxd4 Ne7 10. Be3 Nc6 11. Bb5 a6 12. Bxc6+ bxc6 13. Nd2 c5 14. Qa4+ Qd7 15. Qxd7+ Kxd7 16. c3 Be7 17. Nf3 a5 18. Rad1 Kc6 19. h3 Rhb8 20. b3 Be4 21. Ng5 Bg6 22. f4 Bxg5 23. fxg5 a4 24. b4 cxb4 25. cxb4 Rxb4 26. a3 Rc4 27. Re2 Rb8 28. Bd4 Rb3 29. Ra2 Kb5 30. Rb2 Rxb2 31. Bxb2 Rc2 32. Bc1 Be4 33. Bd2 Kc4 34. Bb4 Rxg2+ 35. Kf1 Rc2 36. Rd2 Rxd2 37. Bxd2 Kd3 38. Ke1 Bg2 39. h4 Ke4 40. Kf2 Bh3 41. Kg3 Bf5 42. Bf4 d4 43. h5 Bh3 44. g6 fxg6 45. hxg6 hxg6 46. Bg5 Kf5 47. Be7 Bf1 48. Kf2 Bc4 49. Bf8 Kxe5 50. Bxg7+ Ke4 51. Bh6 e5 52. Bg5 Kd3 53. Be7 e4 54. Bc5 e3+ 55. Ke1 Bb3 56. Bb6 g5 57. Bd8 g4 58. Bg5 Ke4 0-1

[Event "Abe Yanofsky op"]
[Site "Winnipeg CAN"]
[Date "2009.09.06"]
[Round "5"]
[White "Oberton, Daniel"]
[Black "Green, Aaron"]
[Result "0-1"]
[WhiteElo "2020"]
[BlackElo "1836"]
[PlyCount "70"]
[GameId "2160767910093020"]
[EventDate "2009.09.04"]
[EventType "swiss"]
[EventRounds "5"]
[EventCountry "CAN"]
[SourceTitle "EXT 2011"]
[Source "ChessBase"]
[SourceDate "2011.11.26"]
[SourceVersion "1"]
[SourceVersionDate "2011.11.26"]
[SourceQuality "1"]

1. e4 c5 2. Nf3 d6 3. d4 cxd4 4. Nxd4 Nf6 5. Nc3 g6 6. Bc4 Bg7 7. O-O Nc6 8. Nf3 O-O 9. h3 Bd7 10. Bf4 Na5 11. Bd3 Rc8 12. Qe2 Nh5 13. Bd2 Be6 14. Ng5 Bc4 15. g4 Nf6 16. Rad1 Bxd3 17. cxd3 Nc6 18. Nf3 e5 19. Be3 Qa5 20. d4 Rfd8 21. d5 Ne7 22. Bg5 h6 23. Bxf6 Bxf6 24. h4 Bg7 25. Nd2 a6 26. Nb3 Qc7 27. Rc1 Qd7 28. Kg2 f5 29. f3 b5 30. Kg3 Kh8 31. g5 h5 32. Nb1 Kg8 33. Qd2 fxe4 34. Qd1 Nf5+ 35. Kf2 Qa7+ 0-1

[Event "Abe Yanofsky op"]
[Site "Winnipeg CAN"]
[Date "2009.09.06"]
[Round "5"]
[White "Rutter, Blair"]
[Black "Lipic, Stephen"]
[Result "1-0"]
[WhiteElo "1855"]
[BlackElo "1718"]
[PlyCount "76"]
[GameId "2160767910093021"]
[EventDate "2009.09.04"]
[EventType "swiss"]
[EventRounds "5"]
[EventCountry "CAN"]
[SourceTitle "EXT 2011"]
[Source "ChessBase"]
[SourceDate "2011.11.26"]
[SourceVersion "1"]
[SourceVersionDate "2011.11.26"]
[SourceQuality "1"]

1. c4 c6 2. g3 d5 3. cxd5 cxd5 4. Bg2 Nf6 5. d4 g6 6. Nc3 Bg7 7. Bg5 O-O 8. Bxf6 Bxf6 9. Nxd5 Bg7 10. e3 Be6 11. Nc3 Qb6 12. Qd2 Na6 13. Nge2 Rfd8 14. O-O Rac8 15. Rac1 Qa5 16. b3 Rc7 17. Ne4 Qb5 18. Rxc7 Nxc7 19. Nf4 Bf5 20. Rc1 Na6 21. Nc3 Qd7 22. e4 e5 23. exf5 exf4 24. Qxf4 Qxd4 25. Qxd4 Rxd4 26. fxg6 hxg6 27. Bxb7 Nb4 28. a3 Nd3 29. Rc2 Nc5 30. Ba8 Nxb3 31. Nb5 Rd1+ 32. Kg2 a6 33. Nc7 Ra1 34. Nxa6 Rxa3 35. Bd5 Rxa6 36. Rc8+ Bf8 37. Bxb3 Kg7 38. Rc7 Rf6 1-0

[Event "Abe Yanofsky op"]
[Site "Winnipeg CAN"]
[Date "2009.09.06"]
[Round "5"]
[White "Swift, Ryne"]
[Black "Kaptsan, Aron"]
[Result "1-0"]
[WhiteElo "1802"]
[BlackElo "2052"]
[PlyCount "79"]
[GameId "2160767910093022"]
[EventDate "2009.09.04"]
[EventType "swiss"]
[EventRounds "5"]
[EventCountry "CAN"]
[SourceTitle "EXT 2011"]
[Source "ChessBase"]
[SourceDate "2011.11.26"]
[SourceVersion "1"]
[SourceVersionDate "2011.11.26"]
[SourceQuality "1"]

1. e4 e5 2. Nf3 Nc6 3. d4 exd4 4. Nxd4 Nf6 5. Nc3 d6 6. f3 Bd7 7. Be3 Be7 8. Qd2 a6 9. O-O-O b5 10. g4 h6 11. h4 Ne5 12. Be2 c5 13. Nf5 Bxf5 14. exf5 b4 15. Nd5 Nxd5 16. Qxd5 Ra7 17. f4 Nd7 18. g5 Qa8 19. Qd2 Qb7 20. Rdg1 a5 21. Rh3 a4 22. Bf3 Qa6 23. Rhg3 Kf8 24. gxh6 gxh6 25. Qg2 Bxh4 26. Rg8+ Rxg8 27. Qxg8+ Ke7 28. Rg7 Qf1+ 29. Bd1 Qc4 30. Kb1 Bf6 31. Rg2 Qd5 32. Rg1 Qxf5 33. Re1 Ne5 34. fxe5 Bxe5 35. Qb8 Rd7 36. Bxc5 b3 37. Bd4 bxa2+ 38. Kxa2 f6 39. Qb4 Qf4 40. Bxe5 1-0

[Event "Abe Yanofsky op"]
[Site "Winnipeg CAN"]
[Date "2009.09.06"]
[Round "5"]
[White "Zaczek, Jonathon"]
[Black "Schulz, Waldemar"]
[Result "1/2-1/2"]
[WhiteElo "2125"]
[BlackElo "1997"]
[PlyCount "61"]
[GameId "2160767910093023"]
[EventDate "2009.09.04"]
[EventType "swiss"]
[EventRounds "5"]
[EventCountry "CAN"]
[SourceTitle "EXT 2011"]
[Source "ChessBase"]
[SourceDate "2011.11.26"]
[SourceVersion "1"]
[SourceVersionDate "2011.11.26"]
[SourceQuality "1"]

1. e4 c5 2. Nf3 Nc6 3. d4 cxd4 4. Nxd4 e5 5. Nb5 d6 6. N1c3 a6 7. Na3 b5 8. Nd5 Nge7 9. c4 Nxd5 10. exd5 Nd4 11. Be2 Bd7 12. O-O Be7 13. Be3 Bf6 14. Bxd4 exd4 15. cxb5 O-O 16. bxa6 Qa5 17. Rc1 Rfc8 18. Qd3 Rab8 19. Nc4 Qxa6 20. Ne5 Bb5 21. Qxb5 Rxb5 22. Bxb5 Qb7 23. Rxc8+ Qxc8 24. Nd3 h6 25. Rc1 Qa8 26. Bc4 Bd8 27. b4 Qa3 28. Bb3 Qa6 29. Bc4 Qa3 30. Bb3 Qa6 31. Bc4 1/2-1/2

[Event "Abe Yanofsky op"]
[Site "Winnipeg CAN"]
[Date "2009.09.07"]
[Round "5"]
[White "Bell, John G"]
[Black "Araullo, Paolo"]
[Result "0-1"]
[WhiteElo "2157"]
[BlackElo "2081"]
[PlyCount "94"]
[GameId "2160767910093024"]
[EventDate "2009.09.04"]
[EventType "swiss"]
[EventRounds "5"]
[EventCountry "CAN"]

1. Nf3 Nf6 2. g3 g6 3. Bg2 Bg7 4. O-O d5 5. d3 O-O 6. Nbd2 Re8 7. e4 e5 8. Qe2 Nbd7 9. b4 c6 10. a3 Qc7 11. Bb2 b6 12. c4 dxe4 13. dxe4 Bb7 14. Ne1 c5 15. b5 Rad8 16. Nd3 Nf8 17. Nb3 N6d7 18. f4 Ne6 19. Rae1 Nd4 20. Nxd4 cxd4 21. Nb4 Nc5 22. Nd5 Bxd5 23. exd5 e4 24. Qd2 e3 25. Qd1 d3 26. Bxg7 Kxg7 27. Rf3 e2 28. Qd2 Qe7 29. h4 Qe4 30. f5 Qd4+ 31. Kh2 f6 32. fxg6 hxg6 33. a4 Re5 34. Bh3 Qxc4 35. a5 Rdxd5 36. axb6 axb6 37. Rxf6 Kxf6 38. Qh6 Rd8 39. g4 Rg8 40. Qh7 Rg7 41. Qh8 Kf7 42. h5 gxh5 43. Ra1 Qf4+ 44. Kg2 Rxg4+ 45. Bxg4 Qxg4+ 46. Kh2 Qf4+ 47. Kh3 Re3+ 0-1

[Event "Ahuntsic op"]
[Site "Montreal CAN"]
[Date "2009.04.18"]
[Round "1"]
[White "Gaulin, Gaetan"]
[Black "Barbeau, Sylvain"]
[Result "1/2-1/2"]
[WhiteElo "1923"]
[BlackElo "2272"]
[PlyCount "81"]
[GameId "2160767910157092"]
[EventDate "2009.04.18"]
[EventType "swiss (rapid)"]
[EventRounds "5"]
[EventCountry "CAN"]
[SourceTitle "EXT 2011"]
[Source "ChessBase"]
[SourceDate "2011.11.26"]
[SourceVersion "1"]
[SourceVersionDate "2011.11.26"]
[SourceQuality "1"]

1. Nf3 Nf6 2. c4 c5 3. g3 b6 4. Bg2 Bb7 5. O-O e6 6. Nc3 Be7 7. d4 cxd4 8. Nxd4 Bxg2 9. Kxg2 Qc8 10. Qd3 O-O 11. b3 d6 12. Qf3 Nbd7 13. Nc6 Re8 14. Nxe7+ Rxe7 15. Ba3 Ne5 16. Qe3 Qc6+ 17. Kg1 Rd7 18. Rac1 Ng6 19. Rfd1 a6 20. Na4 Rb8 21. Bb2 Ne8 22. h4 h6 23. Nc3 Ne7 24. Rd2 Rbd8 25. Rcd1 b5 26. cxb5 axb5 27. Qd3 b4 28. Na4 Nd5 29. Rc2 Qb7 30. Rdc1 Rc7 31. e4 Rxc2 32. Rxc2 Ndf6 33. f3 Nd7 34. Kh2 Nf8 35. Qe3 Nd7 36. Qe2 Nc7 37. Qc4 Ne8 38. Qe2 Nc7 39. Qc4 Ne8 40. Qe2 Nc7 41. Qc4 1/2-1/2

[Event "Ahuntsic op"]
[Site "Montreal CAN"]
[Date "2009.11.14"]
[Round "1"]
[White "Goldenberg, Danny"]
[Black "Robichaud, Louis"]
[Result "1-0"]
[WhiteElo "1967"]
[BlackElo "1840"]
[PlyCount "57"]
[GameId "2160767910157093"]
[EventDate "2009.04.18"]
[EventType "swiss (rapid)"]
[EventRounds "5"]
[EventCountry "CAN"]
[SourceTitle "EXT 2013"]
[Source "ChessBase"]
[SourceDate "2012.11.22"]
[SourceVersion "1"]
[SourceVersionDate "2012.11.22"]
[SourceQuality "1"]

1. e4 e5 2. Nf3 Nc6 3. Bc4 Bc5 4. O-O Nf6 5. d3 d6 6. c3 O-O 7. a4 a6 8. a5 Qe7 9. Nbd2 Ba7 10. Qb3 Nd7 11. Re1 Nc5 12. Qc2 Ne6 13. Nf1 Nf4 14. Ne3 Bxe3 15. fxe3 Ng6 16. Qf2 Be6 17. Bd5 Nd8 18. Bd2 c6 19. Ba2 Bxa2 20. Rxa2 f5 21. exf5 Rxf5 22. Ra4 Ne6 23. Rg4 Raf8 24. Qg3 Rh5 25. d4 d5 26. e4 exd4 27. cxd4 Qf7 28. Bb4 Rd8 29. Bd6 1-0